Top drive technology - electric PTD

Bibliographic Details
Main Authors: Artymiuk, Jan (Author), Loland, Jens (Author)
Format: Article
Language:English
Slovak
PhysicalDescription:Obr.
ISBN:8070998954
Subjects:

MARC

LEADER 00000nab a2200000 a 4500
001 vtls000865814
003 SK-MaSNL
005 20260319075117.0
008 161006c xo 0 eng
015 |a SNBRA2004/03-08243 
035 |a CLN000217366 
040 |a SNKBUCL  |b slo  |c SNKBUCL  |e AACR2 
041 0 |a slo 
044 |a xo  |c SK 
080 |a 622.24.054.2  |2 1997 
100 1 |a Artymiuk, Jan  |4 aut  |9 858345 
245 1 0 |a Top drive technology - electric PTD  |c Jan Artymiuk, Jens Loland 
300 |b Obr. 
504 |a Res. angl. 
504 |a Bibliogr. odkazy 
650 0 7 |a pohony elektrické horné  |x technológie vrtné  |2 snkbucl  |9 858346 
655 7 |a články zo zborníkov  |2 snkbucl  |9 166140 
700 1 |a Loland, Jens  |4 aut  |9 858347 
773 0 |z 8070998954  |t Nové poznatky v oblasti vŕtania, ťažby, dopravy a uskladňovania uhľovodíkov  |d Košice : Technická univerzita, [2002]  |g S. 3-11 
850 |a Slovenská národná knižnica v Martine 
852 |a SNK  |b KIS3GCP 
958 |a NB 
999 |c 1376413  |d 1378343